| 000 | 00814nam a22002177a 4500 | ||
|---|---|---|---|
| 999 |
_c16072 _d16072 |
||
| 003 | AR-CdUCM | ||
| 008 | 190325b ||||| |||| 00| 0 spa d | ||
| 040 |
_aMUNICIPALIDAD PROVINCIAL DEL CUSCO _cBIBLIOTECA MUNICIPAL DEL CUSCO |
||
| 082 |
_a150.1952 / _bC70 |
||
| 100 |
_aMerani, Alberto L. _920517 |
||
| 245 |
_aFreud y el Talmud : _bSeguido de critica de los fundamentos de la psicopatologia / |
||
| 260 |
_aMéxico : _bGrijalbo, _c1974. |
||
| 300 |
_a159 páginas ; _c18 cm. |
||
| 440 |
_aColección 70. _n137 _935345 |
||
| 505 | _aContenido: La crisis de la razón -- Las fuentes talmúdicas -- La antropología del Talmud y la antropología de Freud ... | ||
| 650 |
_aPsicología _91538 |
||
| 650 |
_aDialéctica _95490 |
||
| 650 |
_aInteligencia _91764 |
||
| 942 |
_2ddc _cLIBROS |
||
| 945 |
_arah _d02/05/2019 |
||